निवडक बालकवी (Record no. 394255)

MARC details
000 -LEADER
fixed length control field 00458nam a2200169Ia 4500
008 - FIXED-LENGTH DATA ELEMENTS--GENERAL INFORMATION
fixed length control field 100122s9999 xx 000 0 und d
082 ## - DEWEY DECIMAL CLASSIFICATION NUMBER
Item number 77252
Classification number 821
100 ## - MAIN ENTRY--PERSONAL NAME
Personal name बालकवी
245 ## - TITLE STATEMENT
Title निवडक बालकवी
250 ## - EDITION STATEMENT
Edition statement 1
260 ## - PUBLICATION, DISTRIBUTION, ETC. (IMPRINT)
Date of publication, distribution, etc 2009
300 ## - PHYSICAL DESCRIPTION
Extent 64
630 ## - SUBJECT ADDED ENTRY--UNIFORM TITLE
Uniform title निवडक बालकवी
700 ## - ADDED ENTRY--PERSONAL NAME
Personal name देशपांडे वामन
730 ## - ADDED ENTRY--UNIFORM TITLE
Uniform title निवडक बालकवी
942 ## - ADDED ENTRY ELEMENTS (KOHA)
Koha item type Book
Holdings
Withdrawn status Lost status Damaged status Not for loan Home library Current library Date acquired Cost, normal purchase price Total Checkouts Full call number Barcode Date last seen Cost, replacement price Price effective from Koha item type Public note
        S.V. Pathak Library, Vile Parle S.V. Pathak Library, Vile Parle 09/22/2009 60.00   77252 SVPPARLE-77252 01/25/2010 60.00 01/25/2010 Book ", , ,"